| 000 | 00384pab a2200157 454500 | ||
|---|---|---|---|
| 008 | 180718b2002 xxu||||| |||| 00| 0 eng d | ||
| 100 | _aShekdar, A.V. | ||
| 245 | _aSolid waste management in India - future needs | ||
| 260 | _c2002 | ||
| 300 | _ap.76-82. | ||
| 362 | _aJan | ||
| 650 | _aWaste treatment - India | ||
| 650 | _aWaste treatment | ||
| 773 | _aShelter | ||
| 909 | _a52555 | ||
| 999 |
_c52555 _d52555 |
||